01647nam a2200325 a 4500001001000000003000900010005001700019008004100036040002500077082002100102100005500123245013300178260003500311300003000346490002200376500007300398504002900471590002700500650003900527700003800566830002900604910003800633942001400671952012900685952012900814952012900943952011401072952012001186999001501306000008353DO-SdBNP20250430121825.0090916t1992 dr d 000 0 spa d aDO-SdBNPbspacBNPHU 4a658.3bR696t2221 aRodríguez Rodríguez, Víctor Melitón92254913aEl trabajo en equipo en la administración moderna /cVíctor Melitón Rodríguez Rodríguez; prólogo Frank A. Friedheim. aSanto Domingo :bBNPHU,c1992. a98 p. :bdiagr. ;c23 cm.1 aOrfeo (2ª etapa) aIncluye referencias bibliográficas y notas al pie de las páginas aBibliografía: p. 95-98 aInventariado, 2018/ YL 0aAdministración de personal915811 aFriedheim, Frank,dpról.922550 0aOrfeo (2ª etapa)922551 aValidado. Control de calidad EMS. 2ddccLBS1 001054708DSaGRbGRcHDd2009-09-16iLF1l0o658.3 R696tp8353-30r2020-06-25te. 3w2020-06-25yLFDSZPréstamo en sala 001054708DSaGRbGRcHDd2009-09-16iLF1l0o658.3 R696tp8353-40r2020-06-25te. 4w2020-06-25yLFDSZPréstamo en sala 001054708DSaGRbGRcHDd2009-09-16iLF1l0o658.3 R696tp8353-50r2020-06-25te. 5w2020-06-25yLFDSZPréstamo en sala 0010718PDaPDbPDcHDd2009-09-16iLF1l0o658.3 R696tp8353-10r2020-06-25w2020-06-25yLFPDZNo se presta 0010718PDaPDbPDcHDd2009-09-16iLF1l0o658.3 R696tp8353-20r2020-06-25te. 2w2020-06-25yLFPDZNo se presta c8124d8124